000 01781pam a2200445 a 4500
001 3525722
003 OSt
005 20140310181932.0
008 960715s1996 nyu 000 1 eng
010 _a 96033136
020 _a1853260681
040 _aDLC
_cDLC
_dDLC
041 1 _aeng
_hfre
043 _ae-fr---
050 0 0 _aPQ 2288
_b.H895 2004
082 0 0 _aCLA
_bH87h 2002
100 1 _aHugo, Victor,
_d1802-1885.
_92905
240 1 0 _aNotre-Dame de Paris.
_lEnglish
245 1 4 _aThe hunchback of Notre-Dame /
_cVictor Hugo.
260 _aHertfordshire, England :
_cc2004.
_bWordsworth Editions Limited,
300 _a449 p. :
_c20 cm.
541 _j1
541 _j2
541 _j3
562 _e3
650 _aHugo, Victor, 1802-1885.
_92906
650 _aNotre-Dame de Paris (Cathedral)
_xFiction.
_92907
650 _aPeople with disabilities
_xFiction.
_92908
650 _aFrance
_xHistory
_xMedieval period, 987-1515
_xMedieval period, 987-1515
_yJuvenile fiction.
_92909
650 _aParis (France)
_xFiction.
_92910
650 _aInternational Baccalaureate.
_9127
651 0 _aFrance
_xHistory
_yLouis XI, 1461-1483
_xFiction.
_92911
651 0 _aParis (France)
_xHistory
_yTo 1515
_xFiction.
_92912
856 4 2 _3Contributor biographical information
_uhttp://www.loc.gov/catdir/bios/random057/96033136.html
856 4 1 _3Sample text
_uhttp://www.loc.gov/catdir/samples/random044/96033136.html
856 4 2 _3Publisher description
_uhttp://www.loc.gov/catdir/description/random0412/96033136.html
906 _a7
_bcbc
_corignew
_d1
_eocip
_f19
_gy-gencatlg
942 _2lcc
_cBBK
_kCLA
999 _c7422
_d7422